Sofware testing : (Record no. 189481)
[ view plain ]
| 000 -LEADER | |
|---|---|
| fixed length control field | 00750nam a2200241Ia 4500 |
| 005 - DATE AND TIME OF LATEST TRANSACTION | |
| control field | 20220822144129.0 |
| 008 - FIXED-LENGTH DATA ELEMENTS--GENERAL INFORMATION | |
| fixed length control field | 210716s2007 xx 000 0 und d |
| 020 ## - INTERNATIONAL STANDARD BOOK NUMBER | |
| International Standard Book Number | 9788173197901 |
| 040 ## - CATALOGING SOURCE | |
| Transcribing agency | AIMIT LIBRARY |
| 041 ## - LANGUAGE CODE | |
| Language code of text/sound track or separate title | eng |
| 082 ## - DEWEY DECIMAL CLASSIFICATION NUMBER | |
| Classification number | 005.30287 MUSK |
| Edition number | 1 |
| Item number | MUSK |
| 100 ## - MAIN ENTRY--PERSONAL NAME | |
| Personal name | Mustafa, K. |
| 9 (RLIN) | 55150 |
| 245 ## - TITLE STATEMENT | |
| Title | Sofware testing : |
| Remainder of title | concepts and practices / |
| Statement of responsibility, etc. | By K Mustafa and R.A.Khan. |
| 250 ## - EDITION STATEMENT | |
| Edition statement | 1st ed. |
| 260 ## - PUBLICATION, DISTRIBUTION, ETC. | |
| Place of publication, distribution, etc. | New Delhi : |
| Name of publisher, distributor, etc. | Narosa Publishing House , |
| Date of publication, distribution, etc. | 2007. |
| 300 ## - PHYSICAL DESCRIPTION | |
| Extent | xvii,293 p. ; |
| Dimensions | 25 cm. |
| 650 ## - SUBJECT ADDED ENTRY--TOPICAL TERM | |
| Topical term or geographic name entry element | Software testability |
| 9 (RLIN) | 55151 |
| 650 ## - SUBJECT ADDED ENTRY--TOPICAL TERM | |
| Topical term or geographic name entry element | Static testing |
| 9 (RLIN) | 55152 |
| 650 ## - SUBJECT ADDED ENTRY--TOPICAL TERM | |
| Topical term or geographic name entry element | Black box testing |
| 9 (RLIN) | 55153 |
| 650 ## - SUBJECT ADDED ENTRY--TOPICAL TERM | |
| Topical term or geographic name entry element | White box testing |
| 9 (RLIN) | 55154 |
| 700 ## - ADDED ENTRY--PERSONAL NAME | |
| Personal name | Khan, R A. |
| 9 (RLIN) | 55155 |
| 942 ## - ADDED ENTRY ELEMENTS (KOHA) | |
| Source of classification or shelving scheme | Dewey Decimal Classification |
| Koha item type | Book |
| Edition | 1st |
| Call number prefix | 005.30287 MUSK |
| Withdrawn status | Lost status | Source of classification or shelving scheme | Damaged status | Not for loan | Collection code | Home library | Current library | Source of acquisition | Cost, normal purchase price | Inventory number | Total Checkouts | Full call number | Barcode | Date last seen | Cost, replacement price | Price effective from | Koha item type |
|---|---|---|---|---|---|---|---|---|---|---|---|---|---|---|---|---|---|
| Dewey Decimal Classification | MCA | St Aloysius Institute of Management & Information Technology | St Aloysius Institute of Management & Information Technology | Athulya Books | 220.00 | Bill no:ABK 921; Bill dt:2009-03 | 005.30287 MUSK | MCA08989 | 05/23/2026 | 165.00 | 07/16/2021 | Book | |||||
| Dewey Decimal Classification | MCA | St Aloysius Institute of Management & Information Technology | St Aloysius Institute of Management & Information Technology | Athulya Books | 220.00 | Bill no:ABK 439; Bill dt:2009-11 | 005.30287 MUSK | MCA09494 | 05/23/2026 | 165.00 | 07/16/2021 | Book | |||||
| Dewey Decimal Classification | MCA | St Aloysius Institute of Management & Information Technology | St Aloysius Institute of Management & Information Technology | Athulya Books | 235.00 | Bill no:ABK 439; Bill dt:2009-11 | 005.30287 MUSK | MCA11713 | 05/23/2026 | 176.25 | 07/16/2021 | Book | |||||
| Dewey Decimal Classification | MCA | St Aloysius Institute of Management & Information Technology | St Aloysius Institute of Management & Information Technology | Narosa Book Distributors | 235.00 | Bill no:67452; Bill dt:2015-05-2 | 005.30287 MUSK | MCA14304 | 05/23/2026 | 176.25 | 07/16/2021 | Book | |||||
| Dewey Decimal Classification | MCA | St Aloysius Institute of Management & Information Technology | St Aloysius Institute of Management & Information Technology | Narosa Book Distributors | 305.00 | Bill no:68348; Bill dt:2016-03-0 | 005.30287 MUSK | MCA14868 | 05/23/2026 | 228.75 | 07/16/2021 | Book |